[Event "Sibenik"]
[Site "?"]
[Date "2006.09.28"]
[Round "7.1"]
[White "Movsesian Sergei"]
[Black "Delchev Aleksander"]
[Result "0-1"]
[WhiteElo "2637"]
[BlackElo "2637"]
[PlyCount "52"]
[EventDate "2006.??.??"]
[Source "www.chesslib.no"]
[SourceDate "2004.05.04"]

1. Nf3 Nf6 2. g3 d5 3. Bg2 e6 4. O-O Be7 5. d3 c5 6. Nbd2 Nc6 7. e4 b6 8. Re1 Bb7 9. e5 Nd7 10. Nf1 Qc7 11. Qe2 O-O-O 12. h4 h6 13. N1h2 g5 14. hxg5 hxg5 15. Ng4 Rh5 16. c3 d4 17. cxd4 Nxd4 18. Nxd4 cxd4 19. Bd2 Rdh8 20. Bxb7+ Qxb7 21. f3 Nxe5 22. Rac1+ Bc5 23. Qxe5 Qxf3 24. Rxc5+ bxc5 25. Qxc5+ Kb7 26. Qe7+ Ka8 0-1

[Event "Mind Sports Games - Rapid Ind"]
[Site "Pechino CINA"]
[Date "2008.10.07"]
[Round "8"]
[White "Ghaem Maghami, E."]
[Black "Kravtsiv, M."]
[Result "1/2-1/2"]
[WhiteElo "2599"]
[BlackElo "2549"]
[PlyCount "119"]
[EventDate "2008.10.05"]
[Source "www.chesslib.no"]
[SourceDate "2004.05.04"]

1. Nf3 Nf6 2. g3 e6 3. Bg2 d5 4. O-O Be7 5. d3 O-O 6. Nbd2 c5 7. e4 Nc6 8. Re1 Qc7 9. Qe2 Re8 10. e5 Nd7 11. h4 f6 12. exf6 Nxf6 13. c4 Bd6 14. Nf1 h6 15. Bd2 Bd7 16. Rac1 Qb6 17. Rb1 Qa6 18. Qd1 Qxa2 19. Bc3 Qa6 20. Bxf6 gxf6 21. N3h2 Ne5 22. Ng4 Kg7 23. Nxe5 Bxe5 24. Qg4+ Kh7 25. cxd5 f5 26. Qh5 Bg7 27. dxe6 Bxe6 28. Bxb7 Qxb7 29. Rxe6 Rxe6 30. Qxf5+ Rg6 31. h5 Qc6 32. Re1 Rf8 33. hxg6+ Qxg6 34. Qxc5 Qxd3 35. Qxa7 Qd4 36. Qxd4 Bxd4 37. Re7+ Kg6 38. Re6+ Kh7 39. Ne3 Bxb2 40. Kg2 Bd4 41. Ng4 Bg7 42. Rd6 Rf7 43. Rd5 Rf8 44. f4 Kg6 45. Kf3 Rf5 46. Rd6+ Kh7 47. Ne3 Rf7 48. Rd5 Ra7 49. Nf5 Bf8 50. Rd8 Rf7 51. Kg4 Bb4 52. Rd5 Bf8 53. Kh5 Rb7 54. Nh4 Bg7 55. Rd6 Rf7 56. Re6 Bf8 57. f5 Bg7 58. Ng6 Rxf5+ 59. Kg4 Rg5+ 60. Kh4 1/2-1/2

[Event "Team match NED-GER"]
[Site "?"]
[Date "2000.08.24"]
[Round "1"]
[White "Reinderman Dimitri"]
[Black "Bischoff Klaus"]
[Result "1/2-1/2"]
[WhiteElo "2551"]
[BlackElo "2556"]
[PlyCount "85"]
[EventDate "2000.??.??"]
[Source "www.chesslib.no"]
[SourceDate "2004.05.04"]

1. e4 c5 2. Nf3 e6 3. d3 Nc6 4. g3 d5 5. Nbd2 Nf6 6. Bg2 Be7 7. O-O O-O 8. Re1 b5 9. e5 Ne8 10. Nf1 Nc7 11. h4 Bd7 12. h5 b4 13. h6 g6 14. Bf4 Nb5 15. Qc1 Ncd4 16. N3h2 Rc8 17. c3 Nf5 18. Nf3 c4 19. d4 bxc3 20. bxc3 Ba3 21. Qd2 Qa5 22. g4 Ne7 23. Re3 Rb8 24. Bg5 Nc7 25. Ree1 Nc8 26. Rab1 Nb6 27. Bf6 Na4 28. Bg7 Rfc8 29. Ng5 Be8 30. Ng3 Be7 31. Qf4 Qxc3 32. Rbc1 Qa3 33. Rc2 Nb2 34. Rxb2 Qxb2 35. Nh5 Qb4 36. Nf6+ Bxf6 37. Qxf6 Qxe1+ 38. Kh2 Qb4 39. Bh8 Qf8 40. Bg7 Qa3 41. Bh8 Qf8 42. Bg7 Qa3 43. Bh8 1/2-1/2

[Event "1. Israeli Supertournament"]
[Site "?"]
[Date "1999.05.14"]
[Round "4"]
[White "Tseitlin Mark D"]
[Black "Sutovsky Emil"]
[Result "1-0"]
[WhiteElo "2490"]
[BlackElo "2612"]
[PlyCount "69"]
[EventDate "1999.??.??"]
[Source "www.chesslib.no"]
[SourceDate "2004.05.04"]

1. e4 c5 2. Nf3 e6 3. d3 Nc6 4. g3 d5 5. Nbd2 Nf6 6. Bg2 Be7 7. O-O b6 8. Re1 Bb7 9. c3 Qc7 10. a3 O-O-O 11. b4 dxe4 12. dxe4 Nd7 13. Qb3 Nde5 14. Nxe5 Nxe5 15. Nc4 Nd3 16. Rd1 Nxc1 17. Rdxc1 Kb8 18. b5 h5 19. a4 Bg5 20. Re1 h4 21. a5 hxg3 22. hxg3 Kc8 23. axb6 axb6 24. Ra7 e5 25. Rea1 Rh6 26. Bf3 Rdh8 27. Rxb7 Kxb7 28. Qa2 Kc8 29. Qa8+ Kd7 30. Qd5+ Ke8 31. Nxe5 Rd6 32. Ra8+ Rd8 33. Bg4 Rxa8 34. Bd7+ Kd8 35. Nc6+ 1-0

[Event "RUS-Cup"]
[Site "?"]
[Date "1998.??.??"]
[Round "8"]
[White "Filippov Valerij"]
[Black "Kiriakov Petr"]
[Result "0-1"]
[WhiteElo "2595"]
[BlackElo "2495"]
[PlyCount "68"]
[EventDate "1998.??.??"]
[Source "www.chesslib.no"]
[SourceDate "2004.05.04"]

1. Nf3 Nf6 2. g3 d5 3. Bg2 e6 4. O-O Be7 5. d3 c5 6. Nbd2 Nc6 7. e4 O-O 8. Re1 b5 9. e5 Nd7 10. Nf1 a5 11. h4 b4 12. N1h2 a4 13. a3 bxa3 14. bxa3 Ba6 15. h5 c4 16. d4 c3 17. h6 g6 18. Ng4 Na5 19. Bf4 Nc4 20. Qc1 Rb8 21. Bg5 Rb2 22. Bf1 Bxg5 23. Nxg5 Nd2 24. Nxh7 Kxh7 25. Bxa6 Qb6 26. Bd3 Qxd4 27. Qd1 f5 28. exf6 Nxf6 29. Bxg6+ Kxg6 30. Rxe6 Rb6 31. Ne5+ Kxh6 32. Nc6 Rxc6 33. Rxc6 Kg5 34. Kg2 Ng4 0-1

[Event "SWE-chT 0102"]
[Site "?"]
[Date "2001.10.13"]
[Round "2"]
[White "Djurhuus Rune"]
[Black "Nielsen Peter Heine"]
[Result "0-1"]
[WhiteElo "2469"]
[BlackElo "2620"]
[PlyCount "64"]
[EventDate "2001.??.??"]
[Source "www.chesslib.no"]
[SourceDate "2004.05.04"]

1. e4 c5 2. Nf3 e6 3. d3 d5 4. Nbd2 Nc6 5. g3 Nf6 6. Bg2 Be7 7. O-O O-O 8. Re1 b5 9. e5 Nd7 10. c3 Qc7 11. Qe2 a5 12. h4 a4 13. Nf1 c4 14. d4 a3 15. b4 cxb3 16. axb3 b4 17. c4 Ba6 18. Ne3 Qa7 19. Qd1 dxc4 20. Nxc4 Bxc4 21. bxc4 Qa4 22. Qd3 Rfd8 23. Ng5 Bxg5 24. Bxg5 Ndxe5 25. Qd1 Rxd4 26. Qxa4 Rxa4 27. f4 b3 28. fxe5 Nxe5 29. Rxe5 b2 30. Rf1 h6 31. Be3 Rdxc4 32. Rb5 Rcb4 0-1

[Event "Philadelphia"]
[Site "?"]
[Date "1991.??.??"]
[Round "?"]
[White "Dolmatov, S."]
[Black "Meyer, E."]
[Result "1-0"]
[WhiteElo "2605"]
[BlackElo "2465"]
[PlyCount "97"]
[EventDate "1991.??.??"]
[Source "ChessBase"]
[SourceDate "1991.06.01"]

1. e4 c5 2. Nf3 e6 3. d3 Nc6 4. g3 d5 5. Nbd2 Nf6 6. Bg2 Be7 7. O-O O-O 8. Re1 b5 9. e5 Ne8 10. Nf1 f6 11. exf6 Bxf6 12. Ne3 Qd6 13. c4 Nc7 14. Ng4 e5 15. Nxf6+ gxf6 16. cxd5 Nxd5 17. Nd2 Be6 18. Ne4 Qe7 19. Bh6 Rfd8 20. Rc1 c4 21. Qh5 Rac8 22. dxc4 bxc4 23. f4 f5 24. Bg5 Qe8 25. Qxe8+ Rxe8 26. Nd6 e4 27. Nxc8 Rxc8 28. Rxc4 Ndb4 29. Rc3 Nxa2 30. Rc5 Nab4 31. Bf1 Kf7 32. Rd1 Rb8 33. Kf2 Rb6 34. Rb5 Rxb5 35. Bxb5 Na5 36. Ra1 Ba2 37. Bd8 Nb3 38. Rxa2 Nxa2 39. Bc4+ Ke8 40. Bxb3 Nc1 41. Bc4 Kxd8 42. Ke3 Kd7 43. Kd2 Nd3 44. Bxd3 exd3 45. Kxd3 Kc7 46. Kd4 Kd6 47. h3 h5 48. b4 a6 49. h4 1-0

[Event "Buenos Aires ol (Men)"]
[Site "Buenos Aires ARG"]
[Date "1978.??.??"]
[Round "13"]
[White "Biyiasas, Peter"]
[Black "Petrosian, Tigran V"]
[Result "1/2-1/2"]
[WhiteElo "2450"]
[BlackElo "2620"]
[PlyCount "51"]
[EventDate "1978.10.25"]
[Source "www.chesslib.no"]
[SourceDate "2004.05.04"]

1. e4 c5 2. Nf3 e6 3. d3 Nf6 4. g3 d5 5. Nbd2 Nc6 6. Bg2 Be7 7. O-O b6 8. Re1 Bb7 9. e5 Nd7 10. h4 h6 11. Nf1 Qc7 12. Qe2 O-O-O 13. N1h2 Kb8 14. Bf4 Ka8 15. Ng4 Nf8 16. c3 Nd7 17. a3 b5 18. b4 Nb6 19. bxc5 Bxc5 20. d4 Be7 21. Qxb5 Nc4 22. Ne3 N6a5 23. Qb1 Nb6 24. Qb5 Nbc4 25. Qb1 Nb6 26. Qb5 1/2-1/2

[Event "Israeli League"]
[Site "?"]
[Date "2000.03.03"]
[Round "4"]
[White "Sutovsky Emil"]
[Black "Gershon Alik"]
[Result "1-0"]
[WhiteElo "2597"]
[BlackElo "2471"]
[PlyCount "93"]
[EventDate "2000.??.??"]
[Source "www.chesslib.no"]
[SourceDate "2004.05.04"]

1. e4 c5 2. Nf3 e6 3. d3 Nc6 4. g3 d5 5. Nbd2 Nf6 6. Bg2 Be7 7. O-O Qc7 8. Re1 b6 9. c3 Bb7 10. a3 O-O-O 11. b4 dxe4 12. dxe4 Ng4 13. Qb3 Nge5 14. Nxe5 Nxe5 15. Nc4 Nd3 16. Rd1 Rd7 17. b5 Rhd8 18. a4 Bf6 19. a5 Ne5 20. Bf4 Rxd1+ 21. Rxd1 g5 22. Bxe5 Bxe5 23. a6 Ba8 24. Rxd8+ Kxd8 25. Qd1+ Ke8 26. Qh5 Bxc3 27. Qxh7 Qd8 28. Qg8+ Ke7 29. Qxg5+ Bf6 30. Qf4 Qd1+ 31. Bf1 e5 32. Nxe5 Qd6 33. Nc4 Qxf4 34. gxf4 Bxe4 35. Nxb6 Kd8 36. Nc4 Kc7 37. Bg2 Bd3 38. Bd5 Bxc4 39. Bxc4 Kb6 40. Kg2 Ka5 41. Kf3 Bd8 42. Ke4 Kb4 43. Kd5 Ka5 44. Kxc5 f5 45. Bd3 Bb6+ 46. Kc6 Bxf2 47. h4 1-0

[Event "AZ Sanace Cup"]
[Site "?"]
[Date "1999.08.14"]
[Round "8"]
[White "Mirumian Vigen"]
[Black "Kiriakov Petr"]
[Result "1/2-1/2"]
[WhiteElo "2506"]
[BlackElo "2554"]
[PlyCount "21"]
[EventDate "1999.??.??"]
[Source "www.chesslib.no"]
[SourceDate "2004.05.04"]

1. Nf3 Nf6 2. g3 d5 3. Bg2 e6 4. O-O Be7 5. d3 O-O 6. Nbd2 c5 7. e4 Nc6 8. Re1 b5 9. e5 Nd7 10. Nf1 a5 11. h4 1/2-1/2

[Event "YUG-chT"]
[Site "?"]
[Date "1998.??.??"]
[Round "4"]
[White "Damljanovic Branko"]
[Black "Nikcevic Nebojsa"]
[Result "1/2-1/2"]
[WhiteElo "2540"]
[BlackElo "2505"]
[PlyCount "82"]
[EventDate "1998.??.??"]
[Source "www.chesslib.no"]
[SourceDate "2004.05.04"]

1. Nf3 Nf6 2. g3 d5 3. Bg2 c5 4. O-O e6 5. d3 Nc6 6. Nbd2 Be7 7. e4 Qc7 8. Re1 b6 9. exd5 Nxd5 10. Nb3 Bb7 11. c4 Nf6 12. Bf4 Qc8 13. Qe2 O-O 14. Rad1 Rd8 15. d4 cxd4 16. Nfxd4 Nxd4 17. Rxd4 Rxd4 18. Nxd4 Bxg2 19. Kxg2 Qb7+ 20. Qf3 Qxf3+ 21. Kxf3 Rc8 22. b3 a6 23. Be3 Kf8 24. Ke2 Bc5 25. h3 e5 26. Nf5 g6 27. Bxc5+ Rxc5 28. Ne3 Ke7 29. Kd3 Kd6 30. b4 Rc7 31. c5+ bxc5 32. Nc4+ Kc6 33. Nxe5+ Kd5 34. bxc5 Re7 35. c6 Ne8 36. f4 f6 37. Nf3 Rxe1 38. Nxe1 Kxc6 39. Kd4 Nd6 40. g4 Nb5+ 41. Kc4 Nd6+ 1/2-1/2

[Event "Nojabrsk RUS"]
[Site "?"]
[Date "2005.03.10"]
[Round "9"]
[White "Kurnosov Igor"]
[Black "Khairullin Ildar"]
[Result "1/2-1/2"]
[WhiteElo "2538"]
[BlackElo "2507"]
[PlyCount "43"]
[EventDate "2005.??.??"]
[Source "www.chesslib.no"]
[SourceDate "2004.05.04"]

1. e4 c5 2. Nf3 e6 3. d3 Nc6 4. g3 d5 5. Nbd2 Nf6 6. Bg2 Be7 7. O-O b6 8. Re1 Qc7 9. exd5 Nxd5 10. c4 Nf6 11. d4 Bb7 12. dxc5 Bxc5 13. Nb3 Rd8 14. Qe2 Be7 15. Bf4 Qc8 16. Rac1 O-O 17. a3 h6 18. h3 Nd7 19. g4 Nc5 20. Nxc5 bxc5 21. Red1 Bf6 22. Be3 1/2-1/2

[Event "Makarska"]
[Site "?"]
[Date "1996.??.??"]
[Round "4"]
[White "Hulak Krunoslav"]
[Black "Zelcic Robert"]
[Result "1/2-1/2"]
[WhiteElo "2545"]
[BlackElo "2495"]
[PlyCount "23"]
[EventDate "1996.??.??"]
[Source "www.chesslib.no"]
[SourceDate "2004.05.04"]

1. Nf3 Nf6 2. g3 e6 3. Bg2 d5 4. d3 c5 5. Nbd2 Be7 6. O-O O-O 7. e4 Nc6 8. Re1 b5 9. e5 Nd7 10. Nf1 a5 11. h4 Qc7 12. Bf4 1/2-1/2

[Event "Open"]
[Site "?"]
[Date "1998.12.20"]
[Round "11"]
[White "Socko Bartosz"]
[Black "Luther Thomas"]
[Result "1-0"]
[WhiteElo "2475"]
[BlackElo "2560"]
[PlyCount "97"]
[EventDate "1998.??.??"]
[Source "www.chesslib.no"]
[SourceDate "2004.05.04"]

1. g3 d5 2. Bg2 Nf6 3. Nf3 e6 4. O-O Be7 5. d3 O-O 6. Nbd2 c5 7. e4 Nc6 8. Re1 b5 9. e5 Nd7 10. Nf1 a5 11. h4 b4 12. N1h2 Ba6 13. Bf4 a4 14. h5 a3 15. b3 Rc8 16. Rc1 c4 17. dxc4 dxc4 18. Bf1 Nc5 19. bxc4 Na4 20. Nd2 Nc3 21. Qg4 Kh8 22. Ne4 Nxa2 23. Rcd1 Qa5 24. h6 g6 25. Nd6 Nc3 26. Nxc8 Bxc8 27. Ra1 Kg8 28. Nf3 Bb7 29. Bg5 Qc7 30. Bxe7 Nxe7 31. Nh4 Nf5 32. Nxf5 exf5 33. Qh4 Qc6 34. Re3 Re8 35. f3 Qc5 36. Kf2 Qf8 37. Bd3 Re6 38. Qg5 f6 39. exf6 Qc5 40. g4 Bxf3 41. f7+ Kxf7 42. gxf5 Qxe3+ 43. Qxe3 Nd1+ 44. Rxd1 Rxe3 45. fxg6+ hxg6 46. Bxg6+ Kxg6 47. Rd6+ Kh7 48. Kxe3 Bh5 49. Rb6 1-0

[Event "Hoogovens II"]
[Site "?"]
[Date "1991.??.??"]
[Round "10"]
[White "Frias Victor J"]
[Black "Cifuentes Parada Roberto"]
[Result "0-1"]
[WhiteElo "2520"]
[BlackElo "2510"]
[PlyCount "62"]
[EventDate "1991.??.??"]
[Source "www.chesslib.no"]
[SourceDate "2004.05.04"]

1. Nf3 c5 2. g3 Nc6 3. Bg2 d5 4. O-O Nf6 5. d3 e6 6. Nbd2 Be7 7. e4 Qc7 8. Re1 b6 9. c3 Ba6 10. exd5 Nxd5 11. Nc4 O-O 12. a4 Rad8 13. Qb3 Bf6 14. Bd2 Rd7 15. Rad1 Rfd8 16. Bc1 h6 17. h4 Bb7 18. Nfd2 Ndb4 19. cxb4 Rxd3 20. Qc2 Nxb4 21. Qb1 Bxg2 22. Kxg2 Qc6+ 23. Re4 Qxa4 24. Rde1 b5 25. Ne5 Rxd2 26. Bxd2 Rxd2 27. Rc1 Bxe5 28. Rxc5 Bd6 29. Rc8+ Bf8 30. Qe1 Nd3 31. Qe3 Qd1 0-1

[Event "Hillerod Politiken"]
[Site "Hillerod"]
[Date "1995.??.??"]
[Round "3"]
[White "Jansa, Vlastimil"]
[Black "Emms, John M"]
[Result "1-0"]
[WhiteElo "2525"]
[BlackElo "2500"]
[PlyCount "69"]
[EventDate "1995.??.??"]
[Source "www.chesslib.no"]
[SourceDate "2004.05.04"]

1. Nf3 c5 2. e4 e6 3. g3 Nc6 4. Bg2 Nf6 5. d3 d5 6. Nbd2 Be7 7. O-O b6 8. Re1 Bb7 9. c3 Qc7 10. Qe2 O-O-O 11. a3 h6 12. b4 c4 13. exd5 Nxd5 14. dxc4 Nxc3 15. Qf1 Bf6 16. Nb3 Na4 17. Ra2 g5 18. Rc2 Kb8 19. c5 bxc5 20. Nxc5 Nxc5 21. Rxc5 Rd5 22. Rc2 Qd7 23. Be3 Rd8 24. h3 Rd1 25. b5 Ne5 26. Nxe5 Bxe5 27. Rc1 Rxc1 28. Rxc1 Qd3 29. Qe1 Bxg2 30. Kxg2 Bb2 31. Bxa7+ Kb7 32. Rc6 Qd5+ 33. Kh2 Qd2 34. Qxd2 Rxd2 35. Bc5 1-0

[Event "European Team Ch"]
[Site "?"]
[Date "1992.??.??"]
[Round "4"]
[White "Hracek Zbynek"]
[Black "Kveinys Aloyzas"]
[Result "0-1"]
[WhiteElo "2480"]
[BlackElo "2545"]
[PlyCount "82"]
[EventDate "1992.??.??"]
[Source "www.chesslib.no"]
[SourceDate "2004.05.04"]

1. e4 c5 2. Nf3 e6 3. d3 d5 4. Nbd2 Nc6 5. g3 Nf6 6. Bg2 Be7 7. O-O Qc7 8. Re1 b6 9. Qe2 Bb7 10. e5 Nd7 11. c4 dxc4 12. dxc4 g5 13. Ne4 g4 14. Nfg5 Ncxe5 15. Bf4 h6 16. Nxf7 Kxf7 17. Rad1 Rhg8 18. Rxd7 Qxd7 19. Bxe5 Rad8 20. Bc3 Rg6 21. Qe3 Kg8 22. Qf4 Rf8 23. Qe5 Kh7 24. b3 Bf6 25. Nxf6+ Rgxf6 26. Be4+ Bxe4 27. Qxe4+ Rg6 28. Re2 Qd1+ 29. Kg2 Rd8 30. Re3 Qd7 31. h4 gxh3+ 32. Kxh3 Rf8 33. Kg2 Qf7 34. Re2 Qf5 35. Qe3 h5 36. Re1 h4 37. Rh1 Rh6 38. Rh3 Rg8 39. Qd2 Qxh3+ 40. Kxh3 hxg3+ 41. Kg2 gxf2+ 0-1

[Event "Sonnevanck"]
[Site "Wijk aan Zee"]
[Date "1992.??.??"]
[Round "3"]
[White "Bosboom, Manuel"]
[Black "Ernst, Thomas"]
[Result "1/2-1/2"]
[WhiteElo "2445"]
[BlackElo "2570"]
[PlyCount "59"]
[EventDate "1992.??.??"]
[Source "ChessBase"]

1. e4 c5 2. Nf3 e6 3. d3 Nc6 4. g3 Nf6 5. Bg2 d5 6. Nbd2 Be7 7. O-O O-O 8. Re1 b5 9. exd5 exd5 10. d4 c4 11. a4 Rb8 12. axb5 Rxb5 13. Ne5 Nxd4 14. Nb1 Ra5 15. Rxa5 Qxa5 16. Nc3 Bc5 17. Nxd5 Nxd5 18. Bxd5 Bb4 19. Qxd4 Bxe1 20. c3 Be6 21. Bxe6 fxe6 22. f4 Rd8 23. Qxc4 Qb6+ 24. Kg2 Bd2 25. Bxd2 Rxd2+ 26. Kh3 h6 27. b4 Kh8 28. Qc8+ Kh7 29. Nd7 Rxh2+ 30. Kxh2 1/2-1/2

[Event "Eu Team Ch"]
[Site "?"]
[Date "1999.12.03"]
[Round "5"]
[White "Nevednichy Vladislav"]
[Black "Stevic Hrvoje"]
[Result "1/2-1/2"]
[WhiteElo "2537"]
[BlackElo "2470"]
[PlyCount "85"]
[EventDate "1999.??.??"]
[Source "www.chesslib.no"]
[SourceDate "2004.05.04"]

1. e4 c5 2. Nf3 e6 3. d3 d5 4. Nbd2 Nc6 5. g3 Nf6 6. Bg2 Be7 7. O-O a5 8. Re1 a4 9. a3 h6 10. c3 b5 11. exd5 exd5 12. c4 bxc4 13. dxc4 O-O 14. cxd5 Nxd5 15. Nc4 Bb7 16. Bd2 Bf6 17. Qc2 Bd4 18. Bc3 Bxc3 19. bxc3 Na5 20. Nxa5 Qxa5 21. Ne5 Ra7 22. Nxf7 Qxc3 23. Nxh6+ Kh8 24. Nf7+ Kg8 25. Qxc3 Nxc3 26. Ng5 Bxg2 27. Kxg2 Rb7 28. Rac1 Rb3 29. Re7 Nd5 30. Re5 Nf6 31. Rexc5 Rxa3 32. R1c4 Ra2 33. Ra5 a3 34. Rca4 Ng4 35. Rf4 Rxf2+ 36. Rxf2 Rxf2+ 37. Kh3 Nxh2 38. Rxa3 Nf1 39. Ra7 Rf6 40. Re7 Nd2 41. g4 Kf8 42. Re2 Nf3 43. Nxf3 1/2-1/2

[Event "Biel-JMT"]
[Site "?"]
[Date "1986.??.??"]
[Round "?"]
[White "Haik Aldo"]
[Black "Gruenfeld Yehuda"]
[Result "1/2-1/2"]
[WhiteElo "2455"]
[BlackElo "2550"]
[PlyCount "103"]
[EventDate "1986.??.??"]
[Source "www.chesslib.no"]
[SourceDate "2004.05.04"]

1. g3 Nf6 2. Bg2 d5 3. Nf3 e6 4. d3 c5 5. Nbd2 Nc6 6. O-O Be7 7. e4 O-O 8. Re1 b5 9. e5 Nd7 10. Nf1 a5 11. h4 b4 12. Bf4 Ba6 13. N1h2 a4 14. a3 Bb5 15. h5 Rc8 16. h6 g6 17. Qc1 Nd4 18. axb4 Nxf3+ 19. Nxf3 cxb4 20. Qd2 a3 21. bxa3 bxa3 22. Bg5 Bxg5 23. Nxg5 Qe7 24. Nf3 Qc5 25. Qf4 Ra8 26. Ra2 Ra4 27. Qd2 Bc6 28. c3 d4 29. cxd4 Qa7 30. Ng5 Bxg2 31. Kxg2 Qxd4 32. Nf3 Qd5 33. Qc2 Raa8 34. Re4 Qb7 35. Qd2 Ra6 36. Qf4 f5 37. Rc4 Nb6 38. Rb4 Qe7 39. Rb3 Nd5 40. Qc4 Rfa8 41. Nd4 f4 42. Rb8+ Kf7 43. Qc8 Rxb8 44. Qxb8 Qa7 45. Qh8 Qxd4 46. Qxh7+ Ke8 47. Qb7 f3+ 48. Kxf3 Ra4 49. Kg2 Qg4 50. h7 Nf4+ 51. Kg1 Qd1+ 52. Kh2 1/2-1/2

[Event "Mar del Plata"]
[Site "Mar del Plata"]
[Date "1971.??.??"]
[Round "5"]
[White "Schweber, Samuel"]
[Black "Panno, Oscar"]
[Result "0-1"]
[WhiteElo "2435"]
[BlackElo "2570"]
[PlyCount "78"]
[EventDate "1971.03.??"]
[Source "ChessBase"]

1. e4 c5 2. Nf3 e6 3. d3 Nc6 4. g3 Nf6 5. Bg2 d5 6. Nbd2 Be7 7. O-O Qc7 8. Re1 b6 9. c3 O-O 10. e5 Nd7 11. Qe2 Ba6 12. Nf1 d4 13. c4 b5 14. b3 bxc4 15. bxc4 Rab8 16. Bf4 Rb6 17. h4 Rfb8 18. Ng5 Bxg5 19. hxg5 Bb7 20. Rab1 Nb4 21. Bxb7 Qxb7 22. Rb3 Qa6 23. Ra1 Qa4 24. Qd1 Nc6 25. Rxb6 Nxb6 26. Qf3 Nd7 27. Nh2 Ne7 28. Qe2 Qb4 29. Rd1 Ng6 30. Nf3 Qb2 31. Qe4 Qxa2 32. Kg2 Qb3 33. Ra1 Qb7 34. Qe2 a6 35. Ra2 Qc6 36. Kh2 Rb6 37. Nd2 Qb7 38. Nf3 Rb1 39. Nd2 Rh1# 0-1

[Event "Voskresensk"]
[Site "Voskresensk"]
[Date "1993.??.??"]
[Round "?"]
[White "Nadyrhanov, Sergey"]
[Black "Kharitonov, Andrei Y"]
[Result "1/2-1/2"]
[WhiteElo "2460"]
[BlackElo "2530"]
[PlyCount "29"]
[EventDate "1993.??.??"]
[Source "ChessBase"]

1. e4 c5 2. Nf3 e6 3. d3 d5 4. Nbd2 Nc6 5. g3 Nf6 6. Bg2 Be7 7. O-O O-O 8. Re1 b5 9. e5 Nd7 10. Nf1 a5 11. h4 b4 12. Bf4 a4 13. a3 bxa3 14. bxa3 Ba6 15. N1h2 1/2-1/2

[Event "Chigorin Memorial"]
[Site "St. Petersburg"]
[Date "2004.10.21"]
[Round "6.8"]
[White "Vorobiov, Evgeny E"]
[Black "Ziatdinov, Raset"]
[Result "1/2-1/2"]
[WhiteElo "2524"]
[BlackElo "2464"]
[PlyCount "57"]
[EventDate "2004.10.15"]
[Source "Roberto Alvarez"]
[SourceDate "2004.11.08"]

1. Nf3 d5 2. g3 Nf6 3. Bg2 e6 4. O-O Be7 5. d3 c5 6. Nbd2 Nc6 7. e4 b6 8. Re1 Bb7 9. c3 Qc7 10. Nf1 dxe4 11. dxe4 Rd8 12. Qa4 e5 13. Ne3 O-O 14. Nf5 Na5 15. b4 cxb4 16. cxb4 Nc4 17. Bg5 a6 18. b5 Bc5 19. Bxf6 gxf6 20. bxa6 Bc8 21. Bf1 Bxf5 22. exf5 Nd6 23. Qg4+ Kh8 24. Qh4 Kg7 25. Qg4+ Kh8 26. Qh4 Kg7 27. Rxe5 Bxf2+ 28. Kxf2 fxe5 29. Qg5+ 1/2-1/2

[Event "YUG-ch"]
[Site "?"]
[Date "1989.??.??"]
[Round "?"]
[White "Todorcevic Miodrag"]
[Black "Nikolic Zivoslav"]
[Result "1/2-1/2"]
[WhiteElo "2535"]
[BlackElo "2450"]
[PlyCount "203"]
[EventDate "1989.??.??"]
[Source "www.chesslib.no"]
[SourceDate "2004.05.04"]

1. Nf3 Nf6 2. g3 d5 3. Bg2 e6 4. O-O Be7 5. d3 c5 6. Nbd2 Nc6 7. e4 b6 8. Re1 Bb7 9. c3 Qc7 10. a3 O-O 11. b4 dxe4 12. dxe4 cxb4 13. axb4 a5 14. bxa5 Nxa5 15. Bb2 Rfd8 16. Qc2 Bc5 17. Ba3 Bxa3 18. Rxa3 Qc5 19. Ra2 Rac8 20. e5 Bxf3 21. Nxf3 Nd7 22. Ng5 Nf8 23. Be4 g6 24. Qb1 Nc4 25. Bb7 Rb8 26. Bg2 Nxe5 27. Ra7 Rd7 28. Rxd7 Nexd7 29. Ne4 Qc7 30. h4 Nc5 31. Nf6+ Kg7 32. Ng4 h5 33. Ne3 b5 34. Qb4 Kg8 35. Rd1 Ncd7 36. g4 hxg4 37. Nxg4 Qc4 38. Qxc4 bxc4 39. Bc6 Nc5 40. Rd4 Rc8 41. Bb5 Rb8 42. Bxc4 Rb1+ 43. Bf1 Rc1 44. Nf6+ Kg7 45. Ne8+ Kh6 46. Rd8 Nfd7 47. Nd6 Kg7 48. c4 Ne5 49. Kg2 Rc2 50. Rc8 Ned7 51. Kg3 Kf6 52. Bg2 Ke7 53. Rc6 Rc3+ 54. Kh2 Nd3 55. Ne4 Rc2 56. Kg1 N7e5 57. Rc7+ Kd8 58. Ra7 Rc1+ 59. Kh2 Rxc4 60. f3 Nf4 61. Ra2 Ke7 62. Kg3 Nh5+ 63. Kf2 Rc7 64. Bf1 Nd7 65. Ng5 Ndf6 66. Bb5 Ng7 67. Bd3 Nd5 68. Ra4 Nh5 69. Ra8 Ndf4 70. Bb5 f6 71. Ne4 Ng7 72. Rh8 Rc2+ 73. Ke1 f5 74. Ng5 Kf6 75. Kd1 Rb2 76. Bc4 Ke5 77. Rd8 Ng2 78. Rd7 Ne3+ 79. Kc1 Rc2+ 80. Kb1 Rxc4 81. Rxg7 Rxh4 82. Rxg6 Rb4+ 83. Kc1 Rb6 84. f4+ Kd5 85. Kd2 Nc4+ 86. Ke2 Na3 87. Rg8 Nb5 88. Rd8+ Kc5 89. Ke3 Nc7 90. Kf3 Ra6 91. Kf2 Nd5 92. Re8 Nc7 93. Rd8 Kc6 94. Kf3 Ra3+ 95. Kf2 Ra2+ 96. Kf3 Ra4 97. Nf7 Nb5 98. Ng5 Nc7 99. Nf7 Ra3+ 100. Kf2 Ra2+ 101. Kf3 Ra3+ 102. Kf2 1/2-1/2

[Event "Open"]
[Site "?"]
[Date "1997.10.15"]
[Round "6"]
[White "Van der Weide Karel"]
[Black "Nijboer Friso"]
[Result "1-0"]
[WhiteElo "2375"]
[BlackElo "2605"]
[PlyCount "81"]
[EventDate "1997.??.??"]
[Source "www.chesslib.no"]
[SourceDate "2004.05.04"]

1. e4 c5 2. Nf3 e6 3. d3 d5 4. Nbd2 Nf6 5. g3 Be7 6. Bg2 Nc6 7. O-O O-O 8. Re1 b5 9. e5 Nd7 10. Nf1 a5 11. h4 a4 12. N1h2 b4 13. Bf4 Ra6 14. Bh3 b3 15. cxb3 Qb6 16. Ng5 axb3 17. Qh5 Bxg5 18. hxg5 Rxa2 19. Ng4 Kh8 20. Kg2 Rxa1 21. Rxa1 Ba6 22. Nf6 Bxd3 23. Nxd7 Be4+ 24. f3 Bg6 25. Qxg6 Qd8 26. Qh5 Qxd7 27. Rh1 h6 28. g6 fxg6 29. Qxg6 Nd4 30. Bxh6 Kg8 31. Be3 Qf7 32. Qxf7+ Kxf7 33. Bxd4 cxd4 34. Rc1 d3 35. Kf2 Ke7 36. Rc7+ Kd8 37. Rc3 Rh8 38. Bxe6 Rh2+ 39. Ke3 Rxb2 40. Rxd3 Rb1 41. Bxd5 1-0

[Event "It (Men) Budapest HUN"]
[Site "?"]
[Date "1992.??.??"]
[Round "8"]
[White "Kindermann Stefan"]
[Black "Stangl Markus"]
[Result "0-1"]
[WhiteElo "2505"]
[BlackElo "2475"]
[PlyCount "104"]
[EventDate "1992.??.??"]
[Source "www.chesslib.no"]
[SourceDate "2004.05.04"]

1. e4 c5 2. Nf3 e6 3. d3 d5 4. Nbd2 Nc6 5. g3 Nf6 6. Bg2 Be7 7. O-O O-O 8. Re1 b5 9. exd5 exd5 10. d4 Qb6 11. c3 cxd4 12. cxd4 Bf5 13. Nb3 Rfe8 14. Be3 Nb4 15. Re2 Ng4 16. a3 Nxe3 17. fxe3 Nc6 18. Rc1 Bf6 19. Nc5 Na5 20. b3 Rac8 21. Re1 Nb7 22. b4 Nd6 23. Nd2 Bg5 24. Rc3 Be6 25. Kh1 h6 26. Qb3 Rcd8 27. Nxe6 fxe6 28. Qd1 Kh8 29. Qg4 a5 30. Nb3 axb4 31. axb4 Nc4 32. h4 Bf6 33. Nc5 e5 34. dxe5 Nxe5 35. Qf5 g6 36. Qf4 Bg7 37. Qf1 Rf8 38. Qe2 Nf3 39. Rec1 Bxc3 40. Rxc3 Qf6 41. Rc1 Ne5 42. Rf1 Qe7 43. Rxf8+ Rxf8 44. Bxd5 Nc4 45. e4 Qe5 46. Nd7 Qa1+ 47. Kh2 Qf1 48. Qxf1 Rxf1 49. e5 Rb1 50. e6 Nd6 51. e7 Kg7 52. Nb6 Re1 0-1